David Copperfield

Bibliographic Details
Main Author: Dickens, Charles
Format: Book
Published: London : Bloombury Publishing Plc , 2006
Subjects:

MARC

LEADER 00000cam a2200000 7i4500
001 0000009812
005 20080108.0
008 070906
020 |a 0747587523 
090 0 0 |a DIC   |b ENG 
100 1 |a Dickens, Charles 
245 1 0 |a David Copperfield   |c Charles dickens 
260 |a London :   |b Bloombury Publishing Plc ,   |c 2006 
650 0 |a English fiction 
999 |a 0000994799   |b Book   |c Adult Collection   |e Perbadanan Perpustakaan Awam Johor